Galantské noviny
| New Title: | Galantské novinky |
|---|---|
| Previous Title: | Galantské noviny Galántai újság |
| Other Authors: | |
| Format: | Journal |
| Language: | Slovak Hungarian |
| PhysicalDescription: | 15 zv. 27 - 39 cm |
| Published: |
Galanta
Mesto Galanta
2003-2017
Bratislava Petit Press |
| ISSN: | 1339-1372 2585-7517 |
| Subjects: | |
| Online Access: | http://www.galanta.sk/galanta/galantske-noviny |
MARC
| LEADER | 00000cas a2200000 a 4500 | ||
|---|---|---|---|
| 001 | vtls010344916 | ||
| 003 | SK-MaSNL | ||
| 005 | 20260228164241.0 | ||
| 008 | 120229d20032017xo mr|p 0 b0slo | ||
| 022 | |a 1339-1372 | ||
| 040 | |a SVKBB |b slo |c SVKBB |d SNK |e AACR2 | ||
| 041 | 0 | |a slo |a hun | |
| 043 | |a e-xo--- | ||
| 044 | |a xo |c SK | ||
| 072 | 7 | |a 352/354 |x Stupne miestnej, oblastnej a ústrednej správy |2 konspekt | |
| 072 | 7 | |a 394 |x Verejný a spoločenský život. Každodenný život |2 konspekt | |
| 072 | 7 | |a 316.7 |x Sociológia kultúry. Kultúrny život |2 konspekt | |
| 080 | |a 352 |2 2011 | ||
| 080 | |a (437.6) |2 2011 | ||
| 080 | |a 394 |2 2011 | ||
| 080 | |a 316.728 |2 2011 | ||
| 080 | |a 050 |2 2011 | ||
| 080 | |a (051)+(054) |2 2011 | ||
| 210 | |a Galantské nov. | ||
| 222 | |a Galantské noviny | ||
| 245 | 0 | 0 | |a Galantské noviny |
| 246 | 1 | 1 | |a Galántai újság |
| 260 | |a Galanta |b Mesto Galanta |c 2003-2017 | ||
| 260 | 3 | |3 4/2017-2[6]/2017 |a Bratislava |b Petit Press | |
| 300 | |a 15 zv. |c 27 - 39 cm | ||
| 310 | |a 1x mesačne | ||
| 362 | 0 | |a Roč. 12, č. 7 (2003) -roč. 26, č. 2[6] (sept. 2017) | |
| 500 | |a Text v slovenčine a v maďarčine. Text je tlačený zvratmo do apríla/2017, do r. 2002 vychádzali samostatne | ||
| 500 | |a Podnázvy od č. 4/2010: mesačník pre občanov mesta Galanta - Galánta város polgárainak havilapja ; od č. 4/2017: občasník pre občanov mesta Galanta - Galánta város polgárainak alkalmilag megjelenő lapja | ||
| 500 | |a Editor: ?-2017, Silvia Pokorná | ||
| 500 | |a Evidenčné číslo: EV 3076/09 | ||
| 500 | |a Od č. júl/ aug./2015 rozmer zv. 27 cm ; od č. 3 (máj)/2017 rozmer zv. 39 cm | ||
| 500 | |a Zodp. red.:?-2017, Róbert Rybanský | ||
| 500 | |a Číslo 3/2017 vyšlo iba v slovenskom jazyku. Od č.4/2017 je maďarské vydanie súčasťou slovenského. Pokračuje v číslovaní strán | ||
| 500 | |a Č. sept./ 2017 označené ako č. 2, správne má byť č. 6 | ||
| 515 | |a Niektoré čísla vychádzajú ako dvojčíslo | ||
| 580 | |a Vznikol zlúčením: Galantské noviny a Galántai újság | ||
| 650 | 0 | 7 | |a miestna správa |2 SNKPH |9 29496 |
| 650 | 0 | 7 | |a spoločenský život |2 SNKPH |9 28654 |
| 651 | 7 | |a Galanta (Slovensko) |2 SNKPHgeo |9 15687 | |
| 655 | 7 | |a miestne periodiká |2 SNKPH |9 160938 | |
| 700 | 1 | |a Pokorná, Silvia |4 edt |9 275579 | |
| 700 | 1 | |a Rybanský, Róbert |4 lso |9 275580 | |
| 780 | 0 | 4 | |t Galantské noviny |x 1339-1372 |w tls001468364 |
| 780 | 0 | 4 | |t Galántai újság |x 1339-1372 |w tls001468364 |
| 785 | 0 | 0 | |t Galantské novinky |x 2585-7517 |w vtls011737888 |
| 856 | 4 | 1 | |u http://www.galanta.sk/galanta/galantske-noviny |
| 910 | |a snk | ||
| 958 | |a OND | ||
| 999 | |c 12908 |d 14838 | ||
| 952 | |0 0 |1 0 |4 0 |7 0 |8 0 |a SNK |b SNK |d 2015-06-17 |i snk2015/18752 |l 0 |o snkČSB 4360/20/2011 |p 17A1144846 |r 2026-02-21 21:46:07 |t č. 1-12, neúpl. |w 2026-02-21 |y PREZ |z chýba č. 7 | ||
| 952 | |0 0 |1 0 |4 0 |7 0 |8 0 |a SNK |b SNK |d 2015-06-17 |i snk2015/18753 |l 0 |o snkČSB 4360/21/2012 |p 17A1144845 |r 2026-02-21 21:46:07 |t č. 1-12, neúpl. |w 2026-02-21 |y PREZ |z chýba č. 8 | ||
| 952 | |0 0 |1 0 |4 0 |7 0 |8 0 |a SNK |b SNK |d 2015-06-17 |i snk2015/18754 |l 0 |o snkČSB 4360/22/2013 |p 17A1144844 |r 2026-02-21 21:46:08 |t č. 1-12 |w 2026-02-21 |y PREZ | ||
| 952 | |0 0 |1 0 |4 0 |7 0 |8 0 |a SNK |b SNK |d 2015-06-17 |i snk2015/18755 |l 0 |o snkČSB 4360/23/2014 |p 17A1144843 |r 2026-02-21 21:46:08 |t č. 1-12 |w 2026-02-21 |y PREZ | ||
| 952 | |0 0 |1 0 |4 0 |7 0 |8 0 |a SNK |b SNK |d 2015-06-16 |i snk2015/18654 |l 0 |o snkČSB 4360/12/2003/2 |p 17A1144854 |r 2026-02-21 21:46:08 |t č. 7-12 |w 2026-02-21 |y PREZ |z od č. 7/2003 tlačený aj maďarský tex GALÁNTAI UJSÁG | ||
| 952 | |0 0 |1 0 |4 0 |7 0 |8 0 |a SNK |b SNK |d 2015-06-16 |i snk2015/18656 |l 0 |o snkČSB 4360/13/2004 |p 17A1144853 |r 2026-02-21 21:46:08 |t č. 1-12, neúpl. |w 2026-02-21 |y PREZ |z chýba č. 11 | ||
| 952 | |0 0 |1 0 |4 0 |7 0 |8 0 |a SNK |b SNK |d 2015-06-16 |i snk2015/18672 |l 0 |o snkČSB 4360/14/2005 |p 17A1144852 |r 2026-02-21 21:46:08 |t č. 1-12, neúpl. |w 2026-02-21 |y PREZ |z chýba č. 12 | ||
| 952 | |0 0 |1 0 |4 0 |7 0 |8 0 |a SNK |b SNK |d 2015-06-16 |i snk2015/18692 |l 0 |o snkČSB 4360/15/2006 |p 17A1144851 |r 2026-02-21 21:46:08 |t č. 1-12 |w 2026-02-21 |y PREZ | ||
| 952 | |0 0 |1 0 |4 0 |7 0 |8 0 |a SNK |b SNK |d 2015-06-16 |i snk2015/18716 |l 0 |o snkČSB 4360/16/2007 |p 17A1144850 |r 2026-02-21 21:46:08 |t č. 1-12 |w 2026-02-21 |y PREZ | ||
| 952 | |0 0 |1 0 |4 0 |7 0 |8 0 |a SNK |b SNK |d 2015-06-16 |i snk2015/18722 |l 0 |o snkČSB 4360/17/2008 |p 17A1144849 |r 2026-02-21 21:46:08 |t č. 1-12 |w 2026-02-21 |y PREZ | ||
| 952 | |0 0 |1 0 |4 0 |7 0 |8 0 |a SNK |b SNK |d 2015-06-16 |i snk2015/18724 |l 0 |o snkČSB 4360/18/2009 |p 17A1144848 |r 2026-02-21 21:46:08 |t č. 1-12 |w 2026-02-21 |y PREZ | ||
| 952 | |0 0 |1 0 |4 0 |7 0 |8 0 |a SNK |b SNK |d 2015-06-16 |i snk2015/18728 |l 0 |o snkČSB 4360/19/2010 |p 17A1144847 |r 2026-02-21 21:46:09 |t č. 1-12, neúpl. |w 2026-02-21 |y PREZ |z chýba č. 8,12 | ||
| 952 | |0 0 |1 0 |4 0 |7 0 |8 0 |a SNK |b SNK |d 2018-08-02 |i snk2018/16336 |l 0 |o snkČSB 4360/24/2015 |p 17A1327856 |r 2026-02-21 22:20:04 |t č. jan.-dec. |w 2026-02-21 |y PREZ | ||
| 952 | |0 0 |1 0 |4 0 |7 0 |8 0 |a SNK |b SNK |d 2018-08-02 |i snk2018/16338 |l 0 |o snkČSB 4360/25/2016 |p 17A1327855 |r 2026-02-21 22:20:04 |t č. jan.-dec, neúplné |w 2026-02-21 |y PREZ |z Chýba č. mar.-nov. | ||
| 952 | |0 0 |1 0 |4 0 |7 1 |8 0 |a SNK |b SNK |d 2018-08-02 |i snk2018/16393 |l 0 |o snkČSB 4360/26/2017 |p 17A1327854 |r 2026-02-21 22:20:04 |t č. 1-6 |w 2026-02-21 |y NEVYP |z Číslovanie: č. 1-febr., č. 2 - apr., č.3-6 je máj - sept. ; č. sept./ 2017 označené ako č. 2, správne má byť č. 6 | ||


